000 00232nam a2200097Ia 4500
008 230907s9999||||xx |||||||||||||| ||und||
082 _a355.8241
_bSCI
245 4 _aThe science of armour materials /
300 _a715 p.
942 _cBK
999 _c600844
_d600844